Responses for Show #9405 - Friday, October 3, 2025

TJ Fisher game 2.

Contestants

[<< previous game]

Ellie Baker, a lawyer originally from Louisville, Kentucky

Roberto Carabeo, an environmental designer from New York, New York

TJ Fisher, a marketing specialist from San Francisco, California (whose 1-day cash winnings total $15,089)

[next game >>]

Jeopardy! Round responses

MONOPOLY SPACES
(Ken: And we're talking about the standard U.S. version here.)
DOUBLE-LETTER ENDINGS
MOTTO ZONE
WE LOVE YOU, JUDY
BRAVE
THE ELEMENTS
    $200 17
Boardwalk

TJ
    $200 22
a quill

TJ
    $200 13
Metro-Goldwyn-Mayer (MGM)

TJ
    $200 19
(TJ: Who is, uh, Liza Minnelli?)
...
(Ken: The bride was [*], yes.)

Judy Garland

TJEllie
    $200 29
the scarlet letter

TJ
    $200 27
oxygen

Ellie
    $400 18
(Roberto: Uh, what is B. & O.?)
...
(Ken: You know your Monopoly, yes; five for five, well done.)

the Pennsylvania Railroad

TJRoberto
    $400 23
a shopping spree

Ellie
    $400 14
"In God We Trust"

Ellie
    $400 21
Ant-Man

TJ
    $400 30
The Handmaid's Tale

Ellie
    $400 28
curium

TJ
    $600 1
the Electric Company

TJ
    $600 4
an all-access pass

TJ
    $600 15
the Netherlands

Roberto
    $600 10
Judy Blume

TJ
    $600 16
Wicked

TJ
    $600 7
(TJ: Ooh, goodness.)

argon

TJ
    $800 2
a Luxury Tax

TJ
    $800 5
to scoff

Triple Stumper
    $800 24
together

TJ
    $800 11
[Ken reads "BF" as "boyfriend".]
(TJ: What is The Kingston Trio?)

Crosby, Stills & Nash

TJ
Triple Stumper
    $800 20
Matilda

TJ
    $800 8
(TJ: What is... zircon?)
(Ellie: What is zinc?)
...
(Ken: TJ, you were close, [*] is the element.)
(TJ: Aw, thought about it.)

zirconium

TJEllie
Triple Stumper
    $1000 3
Chance & Community Chest

TJ
    $1000 6
watercress

Roberto
    $1000 25
Virginia

TJ
    $1000 12
Judy Chicago

TJ
    $1000 26
(TJ: My favorite, ELEMENTS, for $200, please.)

Sir Terry Pratchett

Triple Stumper
    $500 9
(Ken: You're one out of 2 on THE ELEMENTS so far, batting .500...)
(TJ: Uh, I think that's prophetic--$500, please.)
...
(TJ: What is uranium?)

tennessine

TJ

Scores at the first commercial break (after clue 15):

TJ Roberto Ellie
$3,300 $1,600 -$400

Scores at the end of the Jeopardy! Round:

TJ Roberto Ellie
$8,100 $1,200 $800

Double Jeopardy! Round responses

CIVIL WAR GENERALS
TV TITLE OVERLAPS
LAKE LIVING
SAFE WORDS
GODS & GODDESSES
ADJECTIVES & ADVERBS
    $400 27
(TJ: Oh, thank goodness.)

Lee

TJ
    $400 14
Squid Game of Thrones

Roberto
    $400 24
Salt Lake City

Roberto
    $400 10
a safe space

Ellie
    $400 21
Venus

Ellie
    $400 17
verily

TJ
    $800 25
Abner Doubleday

Triple Stumper
    $800 7
Modern Family Matters

Roberto
    $800 26
(Ken: But we have nothing but CIVIL WAR GENERALS left, I'm afraid.)
(TJ: Why not? Let's have the one for $400, please.)

Buffalo

TJ
    $800 11
a panic room

TJ
    $800 15
dew

Roberto
    $800 16
swimmingly

TJ
    $1200 28
Billy the Kid

Triple Stumper
    $1200 4
(TJ: Oh, boy... what is [*]?)
(Ken: Oh, you started it in time.)
(TJ: Sheesh. Uh, why not live dangerously? TV TITLE OVERLAPS for $1600, please.)
(Ken: It was fun the first time.)
[Laughter]

Magnum P.I. Love Lucy

TJ
    $1200 8
F-U-J-I (Fuji)

TJ
    $4,500 9
cloistered

TJ
    $1200 1
(Roberto: Who is Shiva?)

Vishnu

RobertoEllie
    $1200 18
backward(s)

TJ
    $1600 29
Braxton Bragg

Triple Stumper
    $1600 5
(TJ: What is, uh... I Am Robot Chicken?)

Mr. Robot Chicken

TJEllie
    $1600 22
(TJ: What is... Zurich?)
(Roberto: What is Geneva?)

Lucerne

TJRobertoEllie
    $1600 12
(Ellie: [Shakes head] What is asylum?)
...
(Ken: Asylum didn't have enough letters, but [*] did.)

sanctuary

Ellie
Triple Stumper
    $1600 2
Hephaestus

Ellie
    $1600 19
(Ken: Yeah, [*] schools.)
(TJ: Oh, gosh.)

normal

TJ
    $2000 30
George McClellan

Triple Stumper
    $2000 6
The Good Doctor Odyssey

Ellie
    $2000 23
Entebbe

TJ
    $2000 13
(Ken: Wow, that's a mouthful and you got it.)

the Occupational Safety and Health Administration

TJ
    $2,000 3
(Ken: Ellie?)

Osiris

Ellie
    $2000 20
(TJ: [Counts on fingers] What is [*]?)

erstwhile

TJ

Scores at the end of the Double Jeopardy! Round:

TJ Roberto Ellie
$23,800 $800 $10,000
(lock game)

[wagering suggestions for these scores]

Final Jeopardy! Round responses

GROUNDBREAKING DRAMA
(Ken: [To Roberto] Yes, the mentions of small furniture helped you out there, Ibsen's groundbreaking [*].)
RobertoWhat The A Doll's House
$0
EllieWhat is The Glass Menagerie? Go cards!
$0
TJWhat is Uncle Vanya?
$0
A Doll's House

Final scores:

TJ Roberto Ellie
$23,800 $800 $10,000
2-day champion: $38,889 3rd place: $2,000 2nd place: $3,000

Game dynamics:

Coryat scores:

TJ Roberto Ellie
$21,000 $800 $10,000
31 R
(including 1 DD),
6 W
(including 1 DD)
6 R,
3 W
13 R
(including 1 DD),
2 W

Combined Coryat: $31,800

[game clues] [game scores] [suggest correction]

Game tape date: 2025-09-08
The J! Archive is created by fans, for fans. Scraping, republication, monetization, and malicious use prohibited; this site may use cookies and collect identifying information. See terms. The Jeopardy! game show and all elements thereof, including but not limited to copyright and trademark thereto, are the property of Jeopardy Productions, Inc. and are protected under law. This website is not affiliated with, sponsored by, or operated by Jeopardy Productions, Inc. Join the discussion at JBoard.tv.